Moderne Länder, die jemals von Chinesen kontrolliert wurden - Statistiken

Allgemein
  • Dieses Quiz wurde 111 mal gespielt
  • Das Durchschnittsergebnis liegt bei 37 aus 39
Antworten auf der Karte
Die Antworten werden auf der Karte rot bzw. grün angezeigt, abhängig davon wie oft sie richtig erraten wurden.
 
Antwortstatistiken
Länder % Korrekt
China
100%
Japan
100%
Mongolei
100%
Russland
100%
Thailand
100%
Afghanistan
99%
Indonesien
99%
Kasachstan
99%
Nordkorea
99%
Südkorea
99%
Vietnam
99%
Indien
98%
Iran
98%
Nepal
98%
Pakistan
98%
Philippinen
98%
Sri Lanka
98%
Bangladesch
97%
Kambodscha
97%
Kirgisistan
97%
Myanmar
97%
Tadschikistan
97%
Taiwan
97%
Turkmenistan
97%
Usbekistan
97%
Bhutan
96%
Laos
96%
Malaysia
96%
Saudi-Arabien
96%
Georgien
95%
Jemen
95%
Katar
95%
Somalia
94%
Vereinigte Arabische Emirate
94%
Oman
93%
Kenia
90%
Brunei
89%
Malediven
86%
Bahrain
70%
Keine übereinstimmenden Quizze gefunden
Verteilung der Resultate
Anzahl Personen mit jedem Resultat
Perzentil nach korrekt beantworteten Fragen
Ihre Resultats-Entwicklung
Sie haben dieses Quiz noch nicht gespielt